000 00494nam a2200181Ia 4500
005 20250508152350.0
008 008 250505s9999 xx 000 0 hin d
037 _aTextual
040 _aFEDL
_beng
_cFEDL
041 _ahin
_2eng
084 _a954.04, RAJ
_qFEDL
100 _aRaj kumar
245 0 _aRajnitik Bharat, 1757-1956
260 _aVaranasi, India
_bHindi Pracharak Pustakalya
_c1956
300 _a560p
942 _cTEXL
_h954.04, RAJ
999 _c1335946
_d1335946